Egypt

محفوظ في:

المؤلف الرئيسي: Claudio Barocas

مؤلفون آخرون: Oscar Niemeyer

التنسيق: كتاب

اللغة: Undetermined

منشور في: New York Madison Square 1972

سلاسل: monuments of civilization

الموضوعات:

الوسوم: إضافة وسم

لا توجد وسوم, كن أول من يضع وسما على هذه التسجيلة!

رقم الطلب: (F) DT61 B326

LEADER 00811nam a2200217Ia 4500
008 220904s9999||||xx |||||||||||||| ||und||
020 |a 0 448020181 
050 |a (F) DT61 B326 
100 1 |a  Claudio Barocas 
245 1 0 |a Egypt  |c Claudio Barocas, Oscar Niemeyer 
264 1 |a  New York  |b Madison Square  |c 1972 
300 |a 188.P  |b (115 COL) maps plans  |c 34cm 
490 0 |a  monuments of civilization 
504 |a Originally published in italin under the title grandi mounmenti: egitto, 1970 
505 0 |a Egipto -- Civilización -- Hasta 332 a.C. 
650 4 |a  monuments of civilization 
650 4 |a Egypt -- Antiquities 
700 1 |a  Oscar Niemeyer 
942 |2 lcc  |c BK 
952 |0 0  |1 0  |2 lcc  |4 0  |7 1  |9 42666  |a ARCE  |b ARCE  |d 2022-09-04  |l 0  |o (F) DT61 B326  |p 1027097  |r 2022-09-04 00:00:00  |w 2022-09-04  |y BK 
999 |c 49339  |d 49339